| 000 | 00573nam a22001577a 4500 | ||
|---|---|---|---|
| 008 | 140217b xxu||||| |||| 00| 0 eng d | ||
| 020 | _a9780797494039 | ||
| 050 | _aBX1959.3.N4.C737 | ||
| 110 |
_aCatholic Church _98695 |
||
| 245 |
_aDzidziso YeKirike Katorike _bcompendium of the catechism of the Catholic Church / _cCatholic Church; translated by Dr. Aleta Dube SJI |
||
| 260 |
_aPlumtree _bIIizwi Publications _c2013 |
||
| 300 |
_axii, 168p. _c21cm. |
||
| 650 |
_aCatholic Church _xCatechism _xNdebele _98696 |
||
| 700 |
_aDube, Aleta (tr) _98697 |
||
| 942 |
_2lcc _cMONOGRAPH |
||
| 999 |
_c120071 _d120071 |
||